000 00670nam a22002171c 4500
001 ht016132131
008 100608s2010 gw |||| 000u ger d
020 _a9783832948
_9978-3-8329-48
041 _ager
100 1 _aPosluschny, Myra
245 0 0 _aEuropäische Medienöffentlichkeit: Demokratisierung der Europäischen Union? :
_beine systemtheoretische Analyse in Anlehnung an Niklas Luhmann
264 _aBaden-Baden :
_bNomos,
_c2010
300 _a136 S. : graph. Darst
650 0 _aEuropäische Integration
650 0 _aÖffentlichkeit
650 0 _aMedien
650 0 _aPolitische Kultur
942 _cMG
040 _cRU-10907106
003 RU-10907106
999 _c21453
_d21453